| 000 | 00370cam a22001337a 4500 | ||
|---|---|---|---|
| 008 | 180718b2004 xxu||||| |||| 00| 0 eng d | ||
| 020 | _a817881370X | ||
| 082 | _aI51 R132 | ||
| 245 |
_aEffective leadership: concepts and cases _cedited by V.V. Ramani |
||
| 260 |
_aHyderabad _bICFAI Univ. Press _c2004 |
||
| 300 | _a187p. | ||
| 650 | _aLeadership | ||
| 700 | _aRamani, V.V. | ||
| 999 |
_c404897 _d404897 |
||